000 01430cam a2200361 a 4500
999 _c353422
_d353422
001 2158462
003 OSt
005 20180116192407.0
008 990527s1999 nyua | b 00| 0 eng
010 _a 99035809
020 _a0874774195 (hardcover : alk. paper)
020 _a0874774241 (pbk. : alk. paper)
040 _aDLC
_cDLC
_dDLC
050 0 0 _aNC730
_b.E34 1999
082 0 0 _a741.2
_221
100 1 _aEdwards, Betty,
_d1926-
_9123
245 1 4 _aThe new drawing on the right side of the brain /
_cBetty Edwards.
246 3 0 _aDrawing on the right side of the brain
250 _a2nd rev. ed.
260 _aNew York :
_bJeremy P. Tarcher/Putnam,
_cc1999.
300 _axxv, 291 p., [12] pages of plates ;
_bill. (some col.)
_c23 cm.
500 _aRev. and expanded ed. of: Drawing on the right side of the brain. 1993.
504 _aIncludes bibliographical references (p. 279-282) and index .
650 0 _aDrawing
_xTechnique.
_9124
650 0 _aVisual perception.
_9125
650 0 _aCerebral dominance.
_9126
700 1 _aEdwards, Betty,
_d1926-
_tDrawing on the right side of the brain.
_9127
906 _a7
_bcbc
_corignew
_d1
_eocip
_f19
_gy-gencatlg
942 _2ddc
_cBK